Ο χαρακτήρας με διαφορετικότητα στα ψηφιακά παιχνίδια ρόλων (RPGs) : διπλωματική εργασία [μεταπτυχιακή εργασία]
Αποθηκεύτηκε σε:
| Κύριος συγγραφέας: | |
|---|---|
| Συγγραφή απο Οργανισμό/Αρχή: | |
| Άλλοι συγγραφείς: | |
| Μορφή: | Thesis Βιβλίο |
| Γλώσσα: | Greek |
| Δημοσίευση: |
2016.
|
| Θέματα: | |
| Διαθέσιμο Online: | http://hdl.handle.net/11610/17673 |
| Ετικέτες: |
Προσθήκη ετικέτας
Δεν υπάρχουν, Καταχωρήστε ετικέτα πρώτοι!
|
MARC
| LEADER | 00000cam a2200000 a 4500 | ||
|---|---|---|---|
| 001 | 1/113186 | ||
| 008 | 170301s2016####gr | ||| |||| ||gre|| | ||
| 040 | |a GR-MyUa |b gre |c GR-MyUa |e AACR2 | ||
| 041 | 0 | |a gre | |
| 082 | 7 | |a 006.4 |2 (23) | |
| 100 | 1 | |a Σιάπκα, Αγορίτσα. | |
| 245 | 1 | 2 | |a Ο χαρακτήρας με διαφορετικότητα στα ψηφιακά παιχνίδια ρόλων (RPGs) : |b διπλωματική εργασία [μεταπτυχιακή εργασία] / |c Σιάπκα Αγορίτσα ; επιβλέπουσα καθηγήτρια: Τσιμπιδάκη Ασημίνα. |
| 260 | |c 2016. | ||
| 300 | |a 220 σ. : |b πίν., διαγρ. ; |c 30 εκ. | ||
| 500 | |a Μέλη εξεταστικής επιτροπής: Κλαδάκη Μαρία, Σοφός Αλιβίζος. | ||
| 502 | # | # | |a Διατριβή (μεταπτυχιακή) – Πανεπιστήμιο Αιγαίου, Ρόδος, 2016. |
| 504 | |a Βιβλιογραφία: σ. 162-171. | ||
| 506 | 1 | |a Πλήρες κείμενο - Ενδοπανεπιστημιακή δημοσίευση - Κλειδωμένη η δυνατότητα αντιγραφής - Να δημοσιοποιηθεί μετά τις 30-08-2017. | |
| 650 | 0 | |a Computer games. | |
| 650 | 0 | |a Computer games |x Design. | |
| 650 | 0 | |a Internet games |x Social aspects. | |
| 650 | 0 | |a Computer games |x Social aspects. | |
| 650 | 0 | |a Video game characters. | |
| 650 | 0 | |a Character. | |
| 700 | 1 | |a Τσιμπιδάκη, Ασημίνα, |e dgsf [Επιβλέπουσα καθηγήτρια] | |
| 710 | 2 | |a Πανεπιστήμιο Αιγαίου |b Σχολή Ανθρωπιστικών Επιστημών |b Παιδαγωγικό Τμήμα Δημοτικής Εκπαίδευσης |b Πρόγραμμα Μεταπτυχιακών Σπουδών Επιστήμες της Αγωγής - Εκπαίδευση με τη Χρήση Νέων Τεχνολογιών. | |
| 852 | |a INST |b RHODES |c DIATR |e 20170301 |h 006.4 ΣΙΑ |p 005400039161 |q 005400039161 |t MTXE |y 23 | ||
| 856 | |u http://hdl.handle.net/11610/17673 | ||
| 924 | |a Σιάπκα |b Αγορίτσα |y Ρόδος |z 2016-10 | ||
| 970 | |z 01-03-2017 | ||